000 00800nam a2200181Ia 4500
008 100920s9999 xx 000 0 und d
082 _b28629
_a410 थ 73
100 _aसंपा., जोग रा.श्री.
245 _aमराठी वाङ्रमयाचा इतिहास --5 (भाग-1).
260 _bमहाराष्ट्र राज्य साहित्य आणि संस्कृति मंडळ, मुंबई.
_c1973
300 _a507
_bसाधी
365 _b30
520 _aभाषा.
630 _aमराठी वाङ्रमयाचा इतिहास --5 (भाग-1).
650 _aभाषा.
730 _aमराठी वाङ्रमयाचा इतिहास --5 (भाग-1).
942 _cBOOK
999 _c684838
_d684835